00310nam a2200121Ia 45000010005000000080041000050820020000461000034000662450019001002600027001199010027001469990015001732073241024s9999 xx 000 0 und d aRD/863.44/M779s aTomás Montes de Oca Vilomar 0aSIQUEM. Novela bImpresora Valdezc1998 a13/1/2012 2:45:49 p.m. c7800d7800